000 00942nam a2200277 i 4500
003 EG-GICUC
005 20260130000135.0
008 260129s ua ||||fr|||| 00| 0 ara d
040 _a EG-GICUC
_bara
_c EG-GICUC
_d EG-GICUC
_erda
082 0 4 _221
_a345.3242
_bا س . س
092 0 4 _221
099 _aLaw1 07 345.3242 ا س . س 1944
100 0 _aإسماعيل محمود القباني
_eمؤلف.
245 1 0 _aسياسة التعليم في مصر /
_cإسماعيل محمود القباني.
264 1 _aالقاهرة :
_bمطبعة لجنة التأليف،
_c1944.
300 _a143 صفحة؛
_c24 سم.
336 _2rda content
_atext
337 _2rda media
_aComputer
338 _2rda carrier
_aOnline Resource
546 _aالنص باللغة العربية
650 1 _2qrmak
651 1 _2qrmak
856 4 0 _uhttps://fll.law.cu.edu.eg/fulltext/bks/B07-03112.pdf
905 _a32
942 _2ddc
_cBK
_e21
_n0
999 _c60093
_d60093